Η Λυγερή ή τα λεγόμενα "Ροδιακά άσματα", ή "Αλφάβητος της αγάπης", ή "Εκατόλογα της αγάπης"

Αποθηκεύτηκε σε:
Λεπτομέρειες βιβλιογραφικής εγγραφής
Κύριος συγγραφέας: Μαρτίνης, Γιώργος
Μορφή: Βιβλίο
Γλώσσα:Greek
Δημοσίευση: Αθήνα : Μαυρίδης, 1988
Έκδοση:2η εκδ.
Θέματα:
Ετικέτες: Προσθήκη ετικέτας
Δεν υπάρχουν, Καταχωρήστε ετικέτα πρώτοι!

MARC

LEADER 00000nam a2200000 i 4500
001 1/23371
008 960228s1988 gre d
035 |a 1988  |b 3  |c Δωρεά  |l 10036826 
040 |a GR-MY-UA  |b gre  |e aacr 
041 0 |a gre 
082 0 |a 881.02 
100 1 |a Μαρτίνης, Γιώργος. 
245 1 2 |a Η Λυγερή ή τα λεγόμενα "Ροδιακά άσματα", ή "Αλφάβητος της αγάπης", ή "Εκατόλογα της αγάπης" /  |c Γιώργος Μαρτίνης 
246 3 3 |a Ροδιακά Ασματα 
246 3 3 |a Αλφάβητος της αγάπης 
246 3 3 |a Εκατόλογα της αγάπης 
250 |a 2η εκδ. 
260 |a Αθήνα :   |b Μαυρίδης,   |c 1988 
300 |a 100 σ. 
500 |a Ανασύνθεση του Ροδιακού μεσαιωνικού ερωτικού αριστουργήματος / μελέτη, έρευνα, ανάλυση και σημειώσεις υπό Γιώργου Μαρτίνη. 
650 0 0 |a Greek poetry. 
650 0 0 |a Erotic poetry, Greek. 
852 |a INST  |b RHODES  |e 19960228  |h 881.02 ΜΑΡ  |p 005400002874  |q 005400002874  |t BK  |y 0 
909 |a Ρ  |b 012432  |c 1988